01676nam a2200385 a 4500001001000000003000500010005001700015008004100032010001100073011001100084040000900095090001000104100004000114245019800154260004100352500006000393502009800453590003700551590004000588590004000628590004000668650003700708650003200745650003700777650003300814700003900847856001600886856007000902901000700972942001000979942000600989999001900995952014001014952013601154000111987CHAP20220329144240.0151112s2015 mx a fsm |||||||spa d a108448 a109420 cCHAP aTesis1 aMacías Martínez, Marcos913001010aHuella hídrica azul en cártamo (Carthamus tinctorius L) del DDR-139, Caborca, Sonora vs DDR-33 Los Mochis, Sinaloah[En línea]cpor Marcos Macías Martínez y Enrique Alvarado Chávez. aChapingo, Méx. :bEl autor,c2015. aPara ver el contenido del material haga clic en la liga aTesis (Ing.en Sistemas Agricolasnto) -- UACH. Unidad Regional Universitaria de Zonas Áridas aBATCHb00c20181121lUCH01h0758 aE5995AHEb05c20151112lUCH01h1325 aE5995AHEb05c20151112lUCH01h1331 aE5995AHEb05c20151112lUCH01h133114aAzafrancilloxRendimiento.9907514aAzafrancilloxSonora.9907814aIndicadores económicos.95756414aIndicadores sociales.9575651 aAlvarado Chávez, Enrique9130011 a1 n0000253 aFinding aiduhttp://10.13.5.2/tesis/sist111987.pdfzTeclea aquí aBK cTESIS n0 c108448d108448 00102local4053708TESISaBCbBCcPA_TESISd2015-11-12fTESISl0oTesisp33724002511215r2019-12-31 00:00:00tc.2w2019-12-31yTESIS 00104054718TESISaBCbBCd2015-11-12fTESISl0oTesisp33724002511256r2019-12-31 00:00:00w2019-12-31yTESISzRecien adquirido